Countries Without the Letters in "BRUNEI" - Statistics

General Stats
  • This quiz has been taken 22 times
    7 since last reset
  • The average score is 5 of 7
Answer Stats
Continents Countries % Correct
Africa Togo
100%
Europe Kosovo
83%
Oceania Samoa
83%
Asia Laos
67%
Africa Chad
50%
Europe Malta
50%
Europe Moldova
50%
No matching quizzes found
Score Distribution
Percent of People with Each Score
Percentile by Number Answered
Your Score History
You have not taken this quiz since the last reset